<?xml version="1.0" encoding="UTF-8"?>
<record
    xmlns:xsi="http://www.w3.org/2001/XMLSchema-instance"
    xsi:schemaLocation="http://www.loc.gov/MARC21/slim http://www.loc.gov/standards/marcxml/schema/MARC21slim.xsd"
    xmlns="http://www.loc.gov/MARC21/slim">

  <leader>01006nam a2200253 a 4500</leader>
  <controlfield tag="001">BRCA_6932</controlfield>
  <controlfield tag="005">20190320205639.0</controlfield>
  <controlfield tag="008">171111s1953----enka######---#000-0#eng-#</controlfield>
  <datafield tag="041" ind1=" " ind2=" ">
    <subfield code="a">eng</subfield>
  </datafield>
  <datafield tag="044" ind1=" " ind2=" ">
    <subfield code="a">enk</subfield>
  </datafield>
  <datafield tag="050" ind1=" " ind2="4">
    <subfield code="a">N6550</subfield>
    <subfield code="b">.M48 1953</subfield>
  </datafield>
  <datafield tag="245" ind1="1" ind2="0">
    <subfield code="a">Mexican art from 1500 B. C. to the present day</subfield>
    <subfield code="b">illustrated supplement to the catalogue of an exhibition at the Tate Gallery, London 4 March to 26 April 1953</subfield>
    <subfield code="c">under the auspices of the Mexican Government</subfield>
  </datafield>
  <datafield tag="260" ind1=" " ind2=" ">
    <subfield code="a">[Londres]</subfield>
    <subfield code="b">Arts Council of Great Britain</subfield>
    <subfield code="c">1953</subfield>
  </datafield>
  <datafield tag="300" ind1=" " ind2=" ">
    <subfield code="a">1 v. (sin paginaci&#xF3;n)</subfield>
    <subfield code="b">il., 68 l&#xE1;minas</subfield>
    <subfield code="c">21 cm.</subfield>
  </datafield>
  <datafield tag="500" ind1=" " ind2=" ">
    <subfield code="a">Son 2 ejemplares id&#xE9;nticos con el mismo n&#xFA;mero de inventario</subfield>
  </datafield>
  <datafield tag="500" ind1=" " ind2=" ">
    <subfield code="a">Incluye por separado la invitaci&#xF3;n para la inauguraci&#xF3;n oficial</subfield>
  </datafield>
  <datafield tag="500" ind1=" " ind2=" ">
    <subfield code="a">O154</subfield>
  </datafield>
  <datafield tag="650" ind1="1" ind2="4">
    <subfield code="a">Arte mexicano</subfield>
    <subfield code="x">Exposiciones</subfield>
    <subfield code="9">2101</subfield>
  </datafield>
  <datafield tag="650" ind1="1" ind2="4">
    <subfield code="a">Galer&#xED;as y museos</subfield>
    <subfield code="z">Inglaterra</subfield>
    <subfield code="9">17276</subfield>
  </datafield>
  <datafield tag="710" ind1="2" ind2=" ">
    <subfield code="a">Tate Gallery (Londres)</subfield>
    <subfield code="9">17277</subfield>
  </datafield>
  <datafield tag="710" ind1="2" ind2=" ">
    <subfield code="a">Arts Council of Great Britain</subfield>
    <subfield code="9">17278</subfield>
  </datafield>
  <datafield tag="902" ind1=" " ind2=" ">
    <subfield code="a">GFM</subfield>
  </datafield>
  <datafield tag="942" ind1=" " ind2=" ">
    <subfield code="2">lcc</subfield>
    <subfield code="c">B</subfield>
  </datafield>
  <datafield tag="999" ind1=" " ind2=" ">
    <subfield code="c">6614</subfield>
    <subfield code="d">6614</subfield>
  </datafield>
  <datafield tag="952" ind1=" " ind2=" ">
    <subfield code="0">0</subfield>
    <subfield code="1">0</subfield>
    <subfield code="4">0</subfield>
    <subfield code="7">0</subfield>
    <subfield code="a">BRCA</subfield>
    <subfield code="b">BRCA</subfield>
    <subfield code="d">2011-11-17</subfield>
    <subfield code="i">O154</subfield>
    <subfield code="l">0</subfield>
    <subfield code="o">N6550 .M48 1953 (O154)</subfield>
    <subfield code="p">7379</subfield>
    <subfield code="r">2019-03-22 00:00:00</subfield>
    <subfield code="w">2019-03-22</subfield>
    <subfield code="y">B</subfield>
  </datafield>
</record>
